Normal view
MARC view
- Middlewood, David
Entry Personal Name
001 - CONTROL NUMBER
- control field: 86315
003 - CONTROL NUMBER IDENTIFIER
- control field: OSt
005 - DATE AND TIME OF LATEST TRANSACTION
- control field: 20250515102437.0
008 - FIXED-LENGTH DATA ELEMENTS
- fixed length control field: 250515|| aca||aabn | a|a d
040 ## - CATALOGING SOURCE
- Original cataloging agency: OSt
- Transcribing agency: OSt
100 ## - HEADING--PERSONAL NAME
- Personal name: Middlewood, David
670 ## - SOURCE DATA FOUND
- Source citation: Work cat.: (OSt)48932: Middlewood, David., Managing the curriculum / , 2008.